00591nam a2200241Ia 450000500170000000800460001702000180006303700100008104000080009104000080009904000080010704100080011504100080012308400080013110000150013924500280015424500690018226000230025126000090027436500050028336500080028885600530029620260324150907.0008 260324s9999 xx 000 0 eng d a9781003583639 aEBOOK aCRL beng cCRL 2eng aeng qCRL aFloyd Dell 0aLove in the Machine Age 2bA Psychological Study of the Transition from Patriarchal Society bTaylor and Francis c1930 a b180 uhttp://www.taylorfrancis.com/books/9781003583639